Days out : and other papers /

Bibliographic Details
Main Author: Morris, Elisabeth Woodbridge, 1870-1964
Format: Book
Language:English
Published: Boston, New York : Houghton Mifflin, 1917.

MARC

Tag First Indicator Second Indicator Subfields
LEADER 00000cam a2200000 4500
001 in00000022367
005 20151007063950.0
008 761005s1917 mau 00010 engm
010 |a  17030261  
035 |a (OCoLC)02481120 
035 |9 AAD8719AM 
040 |a DLC  |c NGU  |d NGU  |d TXA  |d UtOrBLW 
049 |a TXAM  |c [10569] 
050 0 0 |a PS3525.O74  |b D3 1917 
092 |a 814  |b M87d 
100 1 |a Morris, Elisabeth Woodbridge,  |d 1870-1964. 
245 1 0 |a Days out :  |b and other papers /  |c by Elisabeth Woodbridge. 
264 1 |a Boston,  |a New York :  |b Houghton Mifflin,  |c 1917. 
300 |a 4 pages ., [3]-212 pages, 1 . ;  |c 20 cm. 
336 |a text  |b txt  |2 rdacontent 
337 |a unmediated  |b n  |2 rdamedia 
338 |a volume  |b nc  |2 rdacarrier 
505 0 |a Days out.--An unlovely virtue.--A brief for the hat.--The cat and the bell-collar.--Clubs among the cubs.--The cult of the second-best.--An appendix to Bacon.--The embarrassment of finality.--The wine of anonymity.--The house and the hill.--Humor and the heroine.--The humor-fetish.--In the matter of "faith".--"In their season."--Manners and the Puritan.--A matter of planes.--A meditation concerning forms.--The tyranny of things.--The tyranny of facts.--Travelers' letters.--The novelist's choice.--The literary uses of experience. 
999 |a MARS 
999 f f |s 3b6bfc1d-c856-39c1-bdda-9bfc27f4c295  |i 928993f8-ee00-3b24-8b34-e555e2d7aca7  |t 0 
952 f f |p ric  |a Texas A&M University  |b Rellis Campus  |c Joint Library Facility  |d Remote Storage  |t 0  |e PS3525.O74 D3 1917  |h Library of Congress classification  |i unmediated -- volume  |m A14801258962 
998 f f |a PS3525.O74 D3 1917  |t 0  |l Remote Storage